| 000 | 01452nam a22002057a 4500 | ||
|---|---|---|---|
| 003 | 0 | ||
| 005 | 20241029095623.0 | ||
| 008 | 241029b xxu||||| |||| 00| 0 eng d | ||
| 020 | _a9780062897725 | ||
| 050 |
_aPS 3620 _b.T257 2020 |
||
| 100 |
_aTedrowe, Emily Gray, _eauthor. |
||
| 245 |
_aThe talented Miss Farwell : _ba novel / _cEmily Gray Tedrowe. |
||
| 260 |
_aNew York, NY : _bCustom House, _c2020. |
||
| 300 |
_a341 p. ; _c24 cm. |
||
| 520 | _a"At the end of the 1990s, with the art market finally recovered from its disastrous collapse, Miss Rebecca Farwell has made a killing at Christie's in New York City, selling a portion of her extraordinary art collection for a rumored 900 percent profit. Dressed in couture YSL, drinking the finest champagne at trendy Balthazar, Reba, as she's known, is the picture of a wealthy art collector. To some, the elusive Miss Farwell is a shark with outstanding business acumen. To others, she's a heartless capitalist whose only interest in art is how much she can make. But a thousand miles from the Big Apple, in the small town of Pierson, Illinois, Miss Farwell is someone else entirely, a quiet single woman known as Becky who still lives in her family's farmhouse, wears sensible shoes, and works tirelessly as the town's treasurer and controller."--Publisher. | ||
| 650 |
_aSwindlers and swindling _vFiction. |
||
| 650 | _aSuspense fiction. | ||
| 650 |
_aImpersonation _vFiction. |
||
| 942 |
_2lcc _cBK |
||
| 999 |
_c366650 _d366650 |
||